Anime Villains Quiz #2 (Picture) - Statistics

General Stats
  • This quiz has been taken 82 times
  • The average score is 13 of 25
Answer Stats
Picture Answer % Correct
Light Yagami
91%
Mahito
84%
Akaza
78%
Hisoka
78%
Kid Buu
74%
Makima
72%
Orochimaru
72%
Crocodile
70%
Dio Brando
70%
All for One
65%
Chrollo Lucilfer
65%
Garou
64%
Kenny Ackerman
51%
Danzo Shimura
49%
Gin Ichimaru
46%
Yoshikage Kira
46%
Zamasu
46%
Grimmjow Jaegerjaquez
43%
King Bradley
30%
Dante Zogratis
20%
Regulus Corneas
14%
Satan
12%
The Major
9%
Vicious
4%
Shinsuke Takasugi
3%
No matching quizzes found
Score Distribution
Percent of People with Each Score
Percentile by Number Answered
Your Score History
You have not taken this quiz